Ultimate Ninjago Quiz (All Season/Shows) - Statistics

General Stats
  • This quiz has been taken 508 times
    485 since last reset
  • The average score is 38 of 71
Answer Stats
Hint Answer % Correct
Fire Ninja Kai
100%
Earth Ninja Cole
99%
Lightning Ninja Jay
99%
Ice Ninja Zane
99%
Water Ninja Nya
98%
Green Ninja Lloyd
97%
Brown Ninja Dareth
90%
Master of the Ninja Wu
85%
Brother of above Garmadon
84%
Who did Zane sacrifice himself to beat? The Overlord
79%
What color does Zane's suit become when wrongly washed? Pink
76%
What snake bit Garmadon? The Great Devourer
73%
What was Cole's dragon named? Rocky
71%
Fire Ninja's golden weapon Sword of Fire
71%
Villain of Season 4 Chen
70%
Who is ^'s assistant? Pixal
69%
Master of Wind Morro
67%
The ninja's ship The Destiny's Bounty
67%
Lightning Ninja's golden weapon Nunchucks of Lightning
65%
Ice Ninja's golden weapon Shurikens of Ice
65%
Who gave them to them? Cyrus Borg
63%
Master of Amber Skylor
63%
Master of Metal Karlof
61%
Master of Poison Tox
60%
^'s assistant Clouse
59%
Earth Ninja's golden weapon Scythe of Quakes
59%
What items summon The Great Devourer? The Fangblades
59%
What did Chen and his followers become? Anacondrai
58%
Master of Smoke Ash
58%
Master of Mind Neuro
56%
What weapons did the Ninjas use in Rebooted? Technoblades
56%
Masters of Time Krux and Acronix
55%
Jay's adopted parents Ed and Edna
53%
Master of Speed Griffin Turner
53%
Cult group who wanted to resurrect Garmadon Sons of Garmadon
53%
Master of Nature Bolobo
52%
Zane's Dad Dr Julien
51%
Master of Gravity Gravis
51%
Kai and Nya's parents Ray and Maya
51%
Master of Technology Sora
51%
Master of Shadow Shade
48%
The ninja's dragon with 4 heads Ultra Dragon
47%
Never put off until tomorrow... What can be done today
47%
What transformation do the Ninja obtain in Crystalized? Dragon Form
46%
What was the Master of Water who originally defeated Wojira named Nyad
46%
What is The Overlord's name in Crystalized? The Crystal King
46%
Explorer who had his own movie Clutch Powers
45%
Master of Light Mr Pale
44%
What was Zane's dragon named? Shard
44%
Master of Form Chamille
43%
What transformation does Garmadon and Lloyd have? Oni Form
43%
Blue Serpentine Tribe Hypnobrai
42%
Red Serpentine Tribe Fangpyre
38%
Green Serpentine Tribe Venomari
38%
New Master of Wind Euphrasia
37%
How do you obtain ^ Jump up, kick back, whip around, and spin
37%
Master of Heat Wyldfyre
37%
Who was Nadakhan's love? Delara
36%
Where did Jay unlock his true potential? Mega Monster Amusement Park
31%
Cole's parents Lou and Lily
29%
Where does Jay go after the Merge? The Administration
28%
What is the Serpentine member on Nadakhan's crew? Clancee
26%
Leader of the Stone Army? Kozu
26%
The ninja's vehicle that split into 4 different vehicles Ultra Sonic Raider
24%
Where did Cole go after the Merge? The Land of Lost Things
23%
The last remaining Djinn Arrakore
21%
What weapon did Kai and Nya use to fuse their dragons together? Fusion Blade
19%
Black Serpentine Tribe Constricti
16%
What realm is The First Spinjitzu Master from? The realm of Oni and Dragons
15%
What realm did Wu visit Garmadon in, in Season 1? The Dark Realm
10%
What was the war between the Time Twins and Elemental Masters called? The Battle for All of Time
3%
No matching quizzes found
Score Distribution
Percent of People with Each Score
Percentile by Number Answered
Your Score History
You have not taken this quiz since the last reset